[Event "20th Mikhail Chigorin Memorial"]
[Site "Sochi URS"]
[Date "1986.??.??"]
[Round "1"]
[White "Hodgson, Julian"]
[Black "Eingorn, Vereslav"]
[WhiteElo "2500"]
[BlackElo "2570"]
[Result "1/2-1/2"]
[EventDate "1986.09.05"]
[PlyCount "171"]

1. g3 c5 2. Nf3 g6 3. e4 Bg7 4. Bg2 Nc6 5. O-O d6 6. d3 e5 7. Nc3 Nge7 8. Nh4 O-O 9. f4 exf4 10. Bxf4 Be6 11. Qd2 d5 12. Bh6 d4 13. Ne2 Ne5 14. h3 f6 15. Bxg7 Kxg7 16. Rf2 Qd6 17. Raf1 Rad8 18. g4 h6 19. Nf4 Bf7 20. Nh5+ gxh5 21. Rxf6 Qxf6 22. Rxf6 Kxf6 23. Qxh6+ N7g6 24. Nxg6 Nxg6 25. Qxh5 b6 26. h4 Rde8 27. Qf5+ Kg7 28. h5 Re5 29. Qd7 Re7 30. Qc6 Re6 31. Qc7 Ne5 32. g5 Rfe8 33. Bh3 R8e7 34. Qb8 Nf3+ 35. Kf2 Nxg5 36. Bxe6 Nxe6 37. Qe5+ Kg8 38. Ke1 Rd7 39. h6 Kh7 40. Qf6 Bg8 41. Kd2 Rf7 42. Qh4 b5 43. a3 c4 44. c3 dxc3+ 45. bxc3 cxd3 46. Kxd3 a6 47. Ke3 Rc7 48. Qf6 Rc5 49. a4 bxa4 50. Qe7+ Kxh6 51. Qe8 Kg7 52. Qxa4 a5 53. Kd2 Bf7 54. Qd7 Kf6 55. Qa7 Bg6 56. Qa8 Ke5 57. Qb8+ Kf6 58. Qa8 Bf7 59. Qa7 Be8 60. Qa8 Bc6 61. Qh8+ Ke7 62. Qh7+ Kd6 63. Qh2+ Re5 64. c4 Bxe4 65. Kc3 Bc6 66. Qg3 Ng5 67. Qh2 Nf3 68. Qf2 Re8 69. Qb6 a4 70. Kb4 Ne5 71. Qd4+ Ke6 72. Qh4 Rg8 73. Kc5 Rg4 74. Qh6+ Kf5 75. Qh7+ Rg6 76. Qh3+ Kf4 77. Qh2+ Rg3 78. Qh4+ Rg4 79. Qh2+ Kf5 80. Qh7+ Ke6 81. Qh6+ Rg6 82. Qh3+ Kf6 83. Qh8+ Kf5 84. Qh3+ Ng4 85. Qh5+ Rg5 86. Qh7+ 1/2-1/2

[Event "20th Mikhail Chigorin Memorial"]
[Site "Sochi URS"]
[Date "1986.??.??"]
[Round "1"]
[White "Ionescu, Constantin"]
[Black "Geller, Efim"]
[WhiteElo "2495"]
[BlackElo "2490"]
[Result "1-0"]
[EventDate "1986.09.05"]
[PlyCount "93"]

1. d4 d5 2. c4 e6 3. Nc3 Be7 4. cxd5 exd5 5. Bf4 c6 6. Qc2 g6 7. e3 Bf5 8. Qd2 Nf6 9. f3 h5 10. Bd3 Bxd3 11. Qxd3 Nbd7 12. Nge2 O-O 13. O-O Re8 14. e4 Nf8 15. e5 N6h7 16. Bh6 Qd7 17. f4 f5 18. Nd1 Ne6 19. Ne3 Nd8 20. Rf3 Kh8 21. Ng3 Nf7 22. Ngxf5 gxf5 23. Nxf5 Nxh6 24. Nxh6 Qe6 25. Nf5 Rg8 26. Rh3 Raf8 27. Rxh5 Qg6 28. Qh3 Bh4 29. Rxh4 Qxf5 30. Qxf5 Rxf5 31. Rf1 Rgf8 32. Rf3 R5f7 33. Kf2 Kg8 34. Ke3 Re8 35. f5 c5 36. Rh5 Nf6 37. Rg3+ Rg7 38. Rhg5 Rxg5 39. Rxg5+ Kf8 40. Rg6 Ne4 41. g4 Kf7 42. h4 cxd4+ 43. Kxd4 Nd2 44. Kxd5 Rd8+ 45. Rd6 Rxd6+ 46. exd6 Nf3 47. g5 1-0

[Event "20th Mikhail Chigorin Memorial"]
[Site "Sochi URS"]
[Date "1986.??.??"]
[Round "1"]
[White "Sveshnikov, Evgeny"]
[Black "Meduna, Eduard"]
[WhiteElo "2535"]
[BlackElo "2485"]
[Result "1/2-1/2"]
[EventDate "1986.09.05"]
[PlyCount "85"]

1. e4 c6 2. d4 d5 3. exd5 cxd5 4. c4 e6 5. Nc3 Nf6 6. Nf3 Bb4 7. cxd5 exd5 8. Bb5+ Bd7 9. Qe2+ Ne4 10. O-O Bxc3 11. bxc3 O-O 12. Bd3 Nxc3 13. Qb2 Qc8 14. Qb3 Ba4 15. Qa3 Bb5 16. Bxb5 Nxb5 17. Qb3 Qc4 18. Rb1 Nc3 19. Qxc4 dxc4 20. Rxb7 Nc6 21. Rb2 Nd5 22. Rb5 Rfd8 23. Rc5 Rac8 24. Rxc4 Ncb4 25. Rxc8 Rxc8 26. a3 Nc2 27. Bb2 Rb8 28. Rc1 Rxb2 29. Ne1 Kf8 30. Rxc2 Rb1 31. Kf1 Ra1 32. Rc5 Nf4 33. Rc3 Rd1 34. Rc8+ Ke7 35. Rc7+ Kf6 36. Rc6+ Kf5 37. f3 Ra1 38. Rc5+ Kg6 39. Rc3 Nxg2 40. Kxg2 Rxe1 41. Rc6+ f6 42. Kf2 Rh1 43. Kg2 1/2-1/2

[Event "20th Mikhail Chigorin Memorial"]
[Site "Sochi URS"]
[Date "1986.??.??"]
[Round "2"]
[White "Geller, Efim"]
[Black "Smyslov, Vassily"]
[WhiteElo "2490"]
[BlackElo "2555"]
[Result "1/2-1/2"]
[EventDate "1986.09.05"]
[PlyCount "31"]

1. e4 e5 2. Nf3 Nc6 3. Bb5 g6 4. c3 a6 5. Ba4 d6 6. d4 Bd7 7. O-O Bg7 8. dxe5 Nxe5 9. Nxe5 dxe5 10. f4 Bxa4 11. Qxa4+ b5 12. Qb3 exf4 13. Bxf4 Nf6 14. Nd2 O-O 15. Rae1 Nd7 16. Qc2 1/2-1/2

[Event "20th Mikhail Chigorin Memorial"]
[Site "Sochi URS"]
[Date "1986.??.??"]
[Round "2"]
[White "Meduna, Eduard"]
[Black "Razuvaev, Yuri"]
[WhiteElo "2485"]
[BlackElo "2535"]
[Result "0-1"]
[EventDate "1986.09.05"]
[PlyCount "84"]

1. d4 Nf6 2. Nf3 e6 3. Bf4 b6 4. e3 Bb7 5. Be2 Be7 6. h3 O-O 7. O-O d6 8. c4 c5 9. dxc5 bxc5 10. Nc3 Nc6 11. a3 d5 12. cxd5 Nxd5 13. Bg3 Rc8 14. Rc1 Na5 15. Qc2 Qb6 16. Ne5 Nxc3 17. bxc3 c4 18. Rb1 Qa6 19. Qa4 f6 20. Nxc4 Nxc4 21. Qd7 Be4 22. Qxe7 Bxb1 23. Rxb1 Rf7 24. Qb4 Qc6 25. Rd1 a5 26. Qb1 Rb7 27. Qc1 Rd7 28. Rd4 Rxd4 29. cxd4 Nb6 30. Qxc6 Rxc6 31. Bb5 Rc1+ 32. Kh2 Nc8 33. Bb8 Kf7 34. Kg3 Ke7 35. a4 Nd6 36. Bd3 Ra1 37. Bxd6+ Kxd6 38. Bc2 Ra2 39. Bd1 Rd2 40. Bb3 Rb2 41. Bd1 Kd5 42. f4 Ke4 0-1

[Event "20th Mikhail Chigorin Memorial"]
[Site "Sochi URS"]
[Date "1986.??.??"]
[Round "2"]
[White "Tal, Mikhail"]
[Black "Ionescu, Constantin"]
[WhiteElo "2600"]
[BlackElo "2495"]
[Result "1/2-1/2"]
[EventDate "1986.09.05"]
[PlyCount "39"]

1. d4 Nf6 2. Nf3 e6 3. e3 c5 4. Bd3 b6 5. b3 Bb7 6. Bb2 Be7 7. O-O O-O 8. Nbd2 d6 9. Qe2 Nbd7 10. c4 Re8 11. Rad1 Bf8 12. Bb1 Qc7 13. dxc5 Qxc5 14. e4 g6 15. Rfe1 Rad8 16. Nf1 Qc7 17. Rc1 Bh6 18. Rcd1 Bg7 19. Rc1 Bh6 20. Rcd1 1/2-1/2

[Event "20th Mikhail Chigorin Memorial"]
[Site "Sochi URS"]
[Date "1986.??.??"]
[Round "3"]
[White "Beliavsky, Alexander"]
[Black "Vaganian, Rafael"]
[WhiteElo "2585"]
[BlackElo "2600"]
[Result "0-1"]
[EventDate "1986.09.05"]
[PlyCount "81"]

1. e4 e6 2. d4 d5 3. Nd2 c5 4. Ngf3 Nc6 5. exd5 exd5 6. Bb5 Bd6 7. dxc5 Bxc5 8. Nb3 Bd6 9. O-O Nge7 10. h3 O-O 11. Re1 Nf5 12. c3 Bc7 13. Bd3 Qd6 14. Qc2 g6 15. g3 Bb6 16. Bf4 Qf6 17. Bg5 Qh8 18. g4 Nd6 19. Qd2 h5 20. Qf4 hxg4 21. Bf6 Qh5 22. Ne5 gxh3 23. Nd4 Nxd4 24. cxd4 Ne4 25. Bxe4 dxe4 26. Kh2 Be6 27. Rg1 Bc7 28. Rg3 Bxe5 29. dxe5 Rfc8 30. Rg5 Qh7 31. Rag1 e3 32. Qxe3 Rc4 33. Qd2 Rac8 34. Rd1 Qh6 35. b3 Rc2 36. Qd4 Kh7 37. Rdg1 Rxa2 38. R1g3 a5 39. Rf3 Rcc2 40. Rf4 Rd2 41. Qa7 0-1

[Event "20th Mikhail Chigorin Memorial"]
[Site "Sochi URS"]
[Date "1986.??.??"]
[Round "3"]
[White "Garcia Gonzales, Guillermo"]
[Black "Meduna, Eduard"]
[WhiteElo "2500"]
[BlackElo "2485"]
[Result "1-0"]
[EventDate "1986.09.05"]
[PlyCount "147"]

1. Nf3 Nf6 2. g3 d5 3. Bg2 Bf5 4. c4 c6 5. b3 e6 6. O-O Bd6 7. Bb2 O-O 8. d3 h6 9. Nbd2 Bh7 10. e4 dxe4 11. dxe4 Nxe4 12. Nxe4 Bxe4 13. Qd4 Qf6 14. Qxf6 gxf6 15. Bxf6 Nd7 16. Bh4 Bxf3 17. Bxf3 Ne5 18. Bh5 Kg7 19. Rfe1 Ng6 20. Bxg6 fxg6 21. Rxe6 Bc5 22. g4 Rf4 23. h3 Raf8 24. Re2 Rf3 25. Kg2 Rd3 26. Rc1 Rf7 27. Rcc2 Rfd7 28. Bg3 Kf7 29. Bf4 Bf8 30. Red2 h5 31. Rxd3 Rxd3 32. Rd2 Rxd2 33. Bxd2 hxg4 34. hxg4 Ke6 35. Kf3 a6 36. Ke4 Bg7 37. Be3 Bc3 38. Bd4 Bd2 39. f4 Be1 40. f5+ gxf5+ 41. gxf5+ Kf7 42. Bb6 Bc3 43. Kd3 Be1 44. Bd4 Bg3 45. Bc3 Bh4 46. Ke4 Bg3 47. Bd2 Bc7 48. Bg5 Ba5 49. Ke5 Bc7+ 50. Kd4 Bb6+ 51. Kc3 Ba5+ 52. b4 Bc7 53. b5 Ba5+ 54. Kd4 Bb6+ 55. Ke5 Bc7+ 56. Ke4 Ba5 57. bxa6 bxa6 58. Be3 Bc7 59. Bd4 Bd8 60. Kd3 Bc7 61. Kc3 Ba5+ 62. Kb3 Bd2 63. Bc3 Be3 64. Kb4 Bb6 65. Be5 Ke7 66. Ka4 Kf8 67. c5 Bxc5 68. Ka5 Ba3 69. Kxa6 Ke7 70. Kb7 Kd7 71. Bd4 Kd6 72. Kb6 Bc1 73. a4 Kd5 74. Bc3 1-0

[Event "20th Mikhail Chigorin Memorial"]
[Site "Sochi URS"]
[Date "1986.??.??"]
[Round "3"]
[White "Smyslov, Vassily"]
[Black "Tal, Mikhail"]
[WhiteElo "2555"]
[BlackElo "2600"]
[Result "1/2-1/2"]
[EventDate "1986.09.05"]
[PlyCount "29"]

1. d4 Nf6 2. Nf3 e6 3. c4 b6 4. Nc3 Bb4 5. Bd2 Bb7 6. e3 O-O 7. Bd3 d5 8. O-O dxc4 9. Bxc4 Nbd7 10. Qe2 c5 11. Rfd1 cxd4 12. Nxd4 Qb8 13. Ne4 Bxd2 14. Nxf6+ Nxf6 15. Rxd2 1/2-1/2

[Event "20th Mikhail Chigorin Memorial"]
[Site "Sochi URS"]
[Date "1986.??.??"]
[Round "4"]
[White "Eingorn, Vereslav"]
[Black "Smyslov, Vassily"]
[WhiteElo "2570"]
[BlackElo "2555"]
[Result "1/2-1/2"]
[EventDate "1986.09.05"]
[PlyCount "73"]

1. d4 d5 2. c4 e6 3. Nc3 Be7 4. Nf3 Nf6 5. Qc2 c5 6. dxc5 Na6 7. Bg5 Qa5 8. e3 Nxc5 9. Nd2 dxc4 10. Nxc4 Nd3+ 11. Bxd3 Qxg5 12. O-O O-O 13. Ne4 Nxe4 14. Bxe4 g6 15. Rfd1 Qc5 16. Rac1 Rd8 17. Rxd8+ Bxd8 18. Qd2 Bc7 19. Na3 Qe7 20. Nb5 Be5 21. f4 Bf6 22. Rc7 Qd8 23. Qxd8+ Bxd8 24. Bxb7 Bxc7 25. Bxa8 Bd8 26. Kf2 Ba6 27. Nc3 Kf8 28. Bf3 Ke7 29. h4 f5 30. g3 Kd6 31. Be2 Bb7 32. Nb5+ Kc5 33. Nd4 Bd5 34. a3 a5 35. h5 Ba8 36. hxg6 hxg6 37. Nf3 1/2-1/2

[Event "20th Mikhail Chigorin Memorial"]
[Site "Sochi URS"]
[Date "1986.??.??"]
[Round "4"]
[White "Geller, Efim"]
[Black "Razuvaev, Yuri"]
[WhiteElo "2490"]
[BlackElo "2535"]
[Result "1/2-1/2"]
[EventDate "1986.09.05"]
[PlyCount "35"]

1. e4 c5 2. Nf3 e6 3. d4 cxd4 4. Nxd4 Nf6 5. Nc3 d6 6. Be2 Be7 7. O-O O-O 8. Be3 Nc6 9. f4 e5 10. Nb3 exf4 11. Rxf4 Ne8 12. Rf2 Bh4 13. Rf1 Bf6 14. Nd2 Be6 15. Kh1 Nc7 16. Bc4 Bxc4 17. Nxc4 Bxc3 18. bxc3 1/2-1/2

[Event "20th Mikhail Chigorin Memorial"]
[Site "Sochi URS"]
[Date "1986.??.??"]
[Round "4"]
[White "Yakovich, Yuri"]
[Black "Garcia Gonzales, Guillermo"]
[WhiteElo "2440"]
[BlackElo "2500"]
[Result "1/2-1/2"]
[EventDate "1986.09.05"]
[PlyCount "65"]

1. e4 c6 2. d4 d5 3. e5 Bf5 4. c3 e6 5. Be3 Qb6 6. Qb3 Nd7 7. Nd2 O-O-O 8. f4 h5 9. Ngf3 Nh6 10. h3 Be7 11. g3 f6 12. Be2 Rdf8 13. O-O-O Qxb3 14. axb3 a5 15. exf6 Nxf6 16. Ng5 Nf7 17. Nxf7 Rxf7 18. Nf3 Rff8 19. Ne5 Bd6 20. Rhg1 Rh7 21. Bf1 Be4 22. Be2 Kc7 23. Kd2 Be7 24. Rde1 g6 25. Bd3 Bxd3 26. Kxd3 Ng8 27. Nf3 Nf6 28. Ng5 Rg7 29. Bd2 Kd7 30. Rg2 Nh7 31. Nf3 Nf6 32. Ng5 Nh7 33. Nf3 1/2-1/2

[Event "20th Mikhail Chigorin Memorial"]
[Site "Sochi URS"]
[Date "1986.??.??"]
[Round "5"]
[White "Meduna, Eduard"]
[Black "Yakovich, Yuri"]
[WhiteElo "2485"]
[BlackElo "2440"]
[Result "1-0"]
[EventDate "1986.09.05"]
[PlyCount "53"]

1. d4 Nf6 2. Nf3 d5 3. Bf4 c5 4. e3 Nc6 5. Nc3 Qa5 6. Bb5 Ne4 7. O-O Nxc3 8. Bxc6+ bxc6 9. bxc3 Qxc3 10. Ne5 cxd4 11. exd4 Bf5 12. Rb1 f6 13. Nd3 Qxd4 14. Rb4 Qc3 15. Rb7 Rd8 16. Rxa7 e5 17. Re1 e4 18. Ra4 Kf7 19. Bd2 Qc4 20. Rxc4 dxc4 21. Ne5+ fxe5 22. Qe2 Rd5 23. Qxc4 Be7 24. Bc3 Rb8 25. Bxe5 Rb4 26. Qc3 Bf8 27. Bxg7 1-0

[Event "20th Mikhail Chigorin Memorial"]
[Site "Sochi URS"]
[Date "1986.??.??"]
[Round "5"]
[White "Razuvaev, Yuri"]
[Black "Tal, Mikhail"]
[WhiteElo "2535"]
[BlackElo "2600"]
[Result "1/2-1/2"]
[EventDate "1986.09.05"]
[PlyCount "37"]

1. d4 Nf6 2. c4 e6 3. g3 c5 4. d5 exd5 5. cxd5 d6 6. Nc3 g6 7. Bg2 Bg7 8. Nf3 O-O 9. O-O Re8 10. Nd2 a6 11. a4 Nbd7 12. a5 b5 13. axb6 Nxb6 14. Nb3 Nc4 15. Ra4 Nb6 16. Ra2 Nc4 17. Ra4 Nb6 18. Ra2 Nc4 19. Ra4 1/2-1/2

[Event "20th Mikhail Chigorin Memorial"]
[Site "Sochi URS"]
[Date "1986.??.??"]
[Round "6"]
[White "Eingorn, Vereslav"]
[Black "Razuvaev, Yuri"]
[WhiteElo "2570"]
[BlackElo "2535"]
[Result "1/2-1/2"]
[EventDate "1986.09.05"]
[PlyCount "54"]

1. Nf3 Nf6 2. c4 b6 3. Nc3 Bb7 4. d4 e6 5. a3 d5 6. cxd5 Nxd5 7. Qc2 Be7 8. Bd2 O-O 9. e4 Nxc3 10. Bxc3 c5 11. dxc5 bxc5 12. Rd1 Qc8 13. Bd3 Ba6 14. O-O Bxd3 15. Qxd3 Nc6 16. Ne5 Nxe5 17. Bxe5 Rd8 18. Qb5 a6 19. Rxd8+ Qxd8 20. Qb7 f6 21. Bc3 Kf7 22. h3 Qc8 23. Qxc8 Rxc8 24. Rc1 f5 25. exf5 exf5 26. Kf1 Rd8 27. Ke2 g6 1/2-1/2

[Event "20th Mikhail Chigorin Memorial"]
[Site "Sochi URS"]
[Date "1986.??.??"]
[Round "6"]
[White "Geller, Efim"]
[Black "Meduna, Eduard"]
[WhiteElo "2490"]
[BlackElo "2485"]
[Result "1-0"]
[EventDate "1986.09.05"]
[PlyCount "72"]

1. e4 c6 2. d4 d5 3. Nd2 dxe4 4. Nxe4 Nd7 5. Bd3 Ngf6 6. Ng5 e6 7. N1f3 h6 8. Nxe6 Qe7 9. O-O fxe6 10. Bg6+ Kd8 11. Bf4 Qb4 12. a3 Qxb2 13. Qe2 Nd5 14. Bd2 Bd6 15. Qxe6 Kc7 16. Rfb1 Qxa1 17. Rxa1 Ne5 18. Qxd6+ Kxd6 19. Nxe5 Kc7 20. c4 Ne7 21. Bf4 Rf8 22. Nf7+ Kd7 23. Bh5 b5 24. c5 Nf5 25. Ne5+ Ke6 26. Nxc6 Bb7 27. Re1+ Kf6 28. d5 g6 29. Re6+ Kg7 30. Be5+ Kg8 31. Rxg6+ Kh7 32. g4 Bxc6 33. gxf5 Rxf5 34. Rg7+ Kh8 35. Rg5+ Rxe5 36. Rxe5 Bd7 1-0

[Event "20th Mikhail Chigorin Memorial"]
[Site "Sochi URS"]
[Date "1986.??.??"]
[Round "7"]
[White "Garcia Gonzales, Guillermo"]
[Black "Eingorn, Vereslav"]
[WhiteElo "2500"]
[BlackElo "2570"]
[Result "1/2-1/2"]
[EventDate "1986.09.05"]
[PlyCount "114"]

1. d4 e6 2. c4 Nf6 3. Nf3 b6 4. g3 Ba6 5. b3 Bb4+ 6. Bd2 Be7 7. Bg2 O-O 8. O-O c6 9. Bc3 d5 10. Nbd2 Nbd7 11. Re1 c5 12. e3 Rc8 13. Bf1 Bb7 14. Qc2 cxd4 15. exd4 Rc7 16. h3 Qa8 17. Re3 Rfc8 18. Rb1 a5 19. Ng5 Nf8 20. Bd3 Bb4 21. Bxb4 axb4 22. Qb2 Ne8 23. Ngf3 Nd6 24. Ne5 Qa5 25. Re2 Ra8 26. Ra1 Qa3 27. Qb1 Rac8 28. Re1 Ba6 29. cxd5 exd5 30. Bf5 Re8 31. Bg4 Bc8 32. Bf3 Be6 33. Nf1 Bf5 34. Qd1 Be4 35. Ne3 Qa5 36. Nd3 Ne6 37. Ne5 f6 38. Bxe4 Nxe4 39. Nf3 Qb5 40. Kg2 Nc3 41. Qc2 Ra8 42. Qf5 Re8 43. Ng4 Nf8 44. a4 bxa3 45. Rxe8 Qxe8 46. Rxa3 Qe4 47. Ne3 g6 48. Qxe4 dxe4 49. Nd2 f5 50. Ndc4 b5 51. Ne5 Nd7 52. Ra6 Kg7 53. Nc6 Nf6 54. Nd8 Rd7 55. Ne6+ Kf7 56. Ng5+ Kg7 57. Ne6+ Kf7 1/2-1/2

[Event "20th Mikhail Chigorin Memorial"]
[Site "Sochi URS"]
[Date "1986.??.??"]
[Round "7"]
[White "Ionescu, Constantin"]
[Black "Hodgson, Julian"]
[WhiteElo "2495"]
[BlackElo "2500"]
[Result "1/2-1/2"]
[EventDate "1986.09.05"]
[PlyCount "74"]

1. d4 Nf6 2. c4 c5 3. d5 b5 4. cxb5 a6 5. bxa6 g6 6. Nc3 Qa5 7. Bd2 Bg7 8. e4 d6 9. Bb5+ Bd7 10. Bxd7+ Nbxd7 11. Nf3 Qxa6 12. Qe2 O-O 13. Qxa6 Rxa6 14. Ke2 Rb8 15. Rab1 Rb4 16. a3 Rb3 17. Rhc1 Rab6 18. Rc2 Rb8 19. Be1 Ne8 20. Nd2 Bxc3 21. Rxc3 Rxb2 22. Rxb2 Rxb2 23. Kd1 Nc7 24. Kc1 Rb5 25. f3 f5 26. Nc4 Kf7 27. Kc2 Ke8 28. h3 Nb6 29. Nxb6 Rxb6 30. Rb3 Rxb3 31. Kxb3 Kd7 32. Kc4 fxe4 33. fxe4 e6 34. dxe6+ Nxe6 35. Bd2 Kc6 36. a4 Nc7 37. Be1 Ne6 1/2-1/2

[Event "20th Mikhail Chigorin Memorial"]
[Site "Sochi URS"]
[Date "1986.??.??"]
[Round "7"]
[White "Sveshnikov, Evgeny"]
[Black "Chernin, Alexander"]
[WhiteElo "2535"]
[BlackElo "2565"]
[Result "1/2-1/2"]
[EventDate "1986.09.05"]
[PlyCount "43"]

1. e4 e6 2. d4 d5 3. e5 c5 4. c3 Nc6 5. Nf3 Nge7 6. Bd3 cxd4 7. cxd4 Nf5 8. Bxf5 exf5 9. Nc3 Bb4 10. Bd2 Bxc3 11. Bxc3 Be6 12. Qd2 a5 13. a4 h6 14. h4 O-O 15. O-O Qe7 16. Rfb1 Rfc8 17. b4 axb4 18. Bxb4 Nxb4 19. Rxb4 Ra7 20. a5 Qd8 21. Rb5 b6 22. Kh2 1/2-1/2

[Event "20th Mikhail Chigorin Memorial"]
[Site "Sochi URS"]
[Date "1986.??.??"]
[Round "8"]
[White "Hodgson, Julian"]
[Black "Smyslov, Vassily"]
[WhiteElo "2500"]
[BlackElo "2555"]
[Result "1/2-1/2"]
[EventDate "1986.09.05"]
[PlyCount "57"]

1. d4 d5 2. Bg5 h6 3. Bh4 c6 4. Nf3 Qb6 5. Nbd2 Bf5 6. e3 e6 7. Bd3 Nd7 8. Bxf5 exf5 9. O-O Be7 10. c4 Bxh4 11. Nxh4 g6 12. cxd5 cxd5 13. Qa4 Ngf6 14. Qa3 a5 15. Nhf3 Qe6 16. Rac1 Qe7 17. Qxe7+ Kxe7 18. Rc7 Rhb8 19. Rfc1 Kd8 20. Ne5 Nxe5 21. dxe5 Nd7 22. f4 Rc8 23. Rxc8+ Rxc8 24. Rxc8+ Kxc8 25. Nb3 a4 26. Nd4 Nc5 27. Kf1 Nd3 28. b3 axb3 29. axb3 1/2-1/2

[Event "20th Mikhail Chigorin Memorial"]
[Site "Sochi URS"]
[Date "1986.??.??"]
[Round "9"]
[White "Meduna, Eduard"]
[Black "Vaganian, Rafael"]
[WhiteElo "2485"]
[BlackElo "2600"]
[Result "0-1"]
[EventDate "1986.09.05"]
[PlyCount "76"]

1. d4 Nf6 2. Nf3 g6 3. Nbd2 d5 4. e3 Bg7 5. Be2 c5 6. c3 Nbd7 7. O-O O-O 8. b4 c4 9. e4 dxe4 10. Ng5 e3 11. fxe3 Nd5 12. Nb1 N7b6 13. a4 a5 14. b5 h6 15. Ne4 e5 16. Nf2 Re8 17. Bf3 exd4 18. exd4 Bf5 19. Bd2 h5 20. Na3 Qd7 21. Nc2 Re7 22. Re1 Rae8 23. Rxe7 Rxe7 24. Qc1 Qe8 25. Na3 Qd7 26. Nc2 Qe6 27. Qb2 Kh7 28. h3 Bh6 29. Bxh6 Kxh6 30. Qc1+ Kg7 31. Qd2 Bxc2 32. Qxc2 Qe3 33. Rc1 Nf4 34. Kh2 Nd3 35. Rf1 Ne1 36. Qd1 Nxf3+ 37. gxf3 Nd5 38. Ne4 f5 0-1

[Event "20th Mikhail Chigorin Memorial"]
[Site "Sochi URS"]
[Date "1986.??.??"]
[Round "9"]
[White "Razuvaev, Yuri"]
[Black "Gligoric, Svetozar"]
[WhiteElo "2535"]
[BlackElo "2520"]
[Result "1/2-1/2"]
[EventDate "1986.09.05"]
[PlyCount "61"]

1. d4 Nf6 2. c4 e6 3. Nf3 b6 4. Nc3 Bb7 5. a3 d5 6. cxd5 exd5 7. Qa4+ c6 8. Bg5 Be7 9. e3 O-O 10. Bd3 c5 11. O-O Ne4 12. Bxe7 Qxe7 13. dxc5 Nxc5 14. Qc2 g6 15. b4 Ne6 16. Qb3 Rd8 17. Rad1 Nc6 18. Bb5 Nc7 19. Bxc6 Bxc6 20. Nd4 Bb7 21. Rd2 Ne8 22. Rfd1 Nf6 23. Nde2 Rac8 24. Rd4 Ba6 25. b5 Bb7 26. h3 Rd7 27. Nf4 Rc5 28. a4 Qd6 29. g3 g5 30. Nfe2 Qe7 31. Kg2 1/2-1/2

[Event "20th Mikhail Chigorin Memorial"]
[Site "Sochi URS"]
[Date "1986.??.??"]
[Round "9"]
[White "Yakovich, Yuri"]
[Black "Eingorn, Vereslav"]
[WhiteElo "2440"]
[BlackElo "2570"]
[Result "1/2-1/2"]
[EventDate "1986.09.05"]
[PlyCount "31"]

1. e4 c5 2. Nf3 e6 3. d4 cxd4 4. Nxd4 a6 5. Bd3 Nf6 6. O-O Qc7 7. Qe2 d6 8. c4 g6 9. Nc3 Bg7 10. Be3 Nbd7 11. Rfd1 O-O 12. f3 b6 13. Rac1 Bb7 14. Qf2 Rac8 15. Bf1 Qb8 16. b3 1/2-1/2

[Event "20th Mikhail Chigorin Memorial"]
[Site "Sochi URS"]
[Date "1986.??.??"]
[Round "10"]
[White "Chernin, Alexander"]
[Black "Meduna, Eduard"]
[WhiteElo "2565"]
[BlackElo "2485"]
[Result "1-0"]
[EventDate "1986.09.05"]
[PlyCount "97"]

1. d4 d5 2. c4 c6 3. Nc3 Nf6 4. e3 Bg4 5. f3 Bc8 6. Bd3 e6 7. Nge2 c5 8. cxd5 exd5 9. O-O Nc6 10. Kh1 cxd4 11. exd4 Be7 12. Bc2 O-O 13. Bg5 h6 14. Bh4 b6 15. Bb3 Ba6 16. Re1 Bc4 17. Bxc4 dxc4 18. Qa4 Na5 19. Ng3 Nd5 20. Bxe7 Nxe7 21. Rad1 Nc8 22. Nf5 Nd6 23. Nxd6 Qxd6 24. Re4 Rad8 25. Rde1 a6 26. d5 Rd7 27. h3 Rfd8 28. Re8+ Kh7 29. Rxd8 Rxd8 30. Re8 Rxe8 31. Qxe8 f5 32. Qe6 Qxe6 33. dxe6 Nb7 34. Nd5 b5 35. e7 Nd6 36. Nc7 b4 37. Nxa6 c3 38. bxc3 bxc3 39. Nb4 Kg6 40. Kg1 Kf7 41. Kf2 f4 42. Ke2 Nf5 43. Kd3 Nh4 44. Nc6 Nxg2 45. Kxc3 Nh4 46. a4 Nxf3 47. a5 Ng5 48. a6 Ne4+ 49. Kc2 1-0

[Event "20th Mikhail Chigorin Memorial"]
[Site "Sochi URS"]
[Date "1986.??.??"]
[Round "10"]
[White "Eingorn, Vereslav"]
[Black "Geller, Efim"]
[WhiteElo "2570"]
[BlackElo "2490"]
[Result "1/2-1/2"]
[EventDate "1986.09.05"]
[PlyCount "32"]

1. d4 d5 2. c4 e6 3. Nc3 Be7 4. Nf3 Nf6 5. Qc2 c5 6. dxc5 Nc6 7. cxd5 exd5 8. Bg5 O-O 9. e3 h6 10. Bh4 Qa5 11. Be2 Qxc5 12. Rd1 Be6 13. O-O Rac8 14. Qa4 Qb6 15. Qb5 Qxb5 16. Bxb5 Rfd8 1/2-1/2

[Event "20th Mikhail Chigorin Memorial"]
[Site "Sochi URS"]
[Date "1986.??.??"]
[Round "10"]
[White "Hodgson, Julian"]
[Black "Razuvaev, Yuri"]
[WhiteElo "2500"]
[BlackElo "2535"]
[Result "1-0"]
[EventDate "1986.09.05"]
[PlyCount "89"]

1. e4 c5 2. Nc3 d6 3. g3 Nc6 4. Bg2 g6 5. d3 Bg7 6. Be3 e5 7. Qd2 Nd4 8. Nce2 Ne7 9. c3 Ndc6 10. Bh6 O-O 11. h4 Bxh6 12. Qxh6 f6 13. Nh3 Kh8 14. Qe3 b6 15. f4 d5 16. h5 d4 17. Qd2 dxc3 18. bxc3 g5 19. fxg5 Bxh3 20. Bxh3 fxg5 21. O-O-O h6 22. d4 cxd4 23. cxd4 Qd6 24. d5 Na5 25. Kb1 Nc4 26. Qc3 b5 27. Rhf1 Ng8 28. Bf5 a5 29. Ka1 Ra7 30. Rb1 Rc7 31. Rfc1 Rb8 32. Qd3 Rbb7 33. Rc3 a4 34. a3 Rc5 35. Ka2 Rbc7 36. g4 Nf6 37. Be6 Qe7 38. Rbc1 Ne8 39. Ng3 Ned6 40. Nf5 Qf8 41. Nxd6 Qxd6 42. Qf3 Qe7 43. Qf5 Qg7 44. d6 R7c6 45. Rd1 1-0

[Event "20th Mikhail Chigorin Memorial"]
[Site "Sochi URS"]
[Date "1986.??.??"]
[Round "10"]
[White "Ionescu, Constantin"]
[Black "Smyslov, Vassily"]
[WhiteElo "2495"]
[BlackElo "2555"]
[Result "1-0"]
[EventDate "1986.09.05"]
[PlyCount "67"]

1. Nf3 b6 2. e4 Bb7 3. Nc3 e6 4. d4 Bb4 5. Bd3 Nf6 6. Bg5 h6 7. Bxf6 Qxf6 8. O-O Bxc3 9. bxc3 d6 10. Nd2 e5 11. f4 exd4 12. e5 dxe5 13. Qh5 g6 14. Qe2 Nc6 15. fxe5 Qe7 16. e6 f5 17. Nb3 O-O-O 18. cxd4 Nxd4 19. Nxd4 Rxd4 20. Qe5 Rhd8 21. Rae1 Ra4 22. Bb5 Rxa2 23. Rd1 Rxc2 24. Rxd8+ Qxd8 25. Bd7+ Kb8 26. Rd1 Qg8 27. Bb5 a6 28. e7 Rxg2+ 29. Kf1 Qb3 30. e8=Q+ Ka7 31. Be2 Qh3 32. Ke1 Qh4+ 33. Kd2 Qg5+ 34. Kc3 1-0

[Event "20th Mikhail Chigorin Memorial"]
[Site "Sochi URS"]
[Date "1986.??.??"]
[Round "11"]
[White "Garcia Gonzales, Guillermo"]
[Black "Hodgson, Julian"]
[WhiteElo "2500"]
[BlackElo "2500"]
[Result "1/2-1/2"]
[EventDate "1986.09.05"]
[PlyCount "27"]

1. d4 d5 2. c4 e6 3. Nc3 Nf6 4. e3 c5 5. Nf3 Nc6 6. a3 a6 7. dxc5 Bxc5 8. b4 Ba7 9. cxd5 exd5 10. Be2 d4 11. exd4 Nxd4 12. O-O O-O 13. Nxd4 Bxd4 14. Bb2 1/2-1/2

[Event "20th Mikhail Chigorin Memorial"]
[Site "Sochi URS"]
[Date "1986.??.??"]
[Round "11"]
[White "Meduna, Eduard"]
[Black "Gligoric, Svetozar"]
[WhiteElo "2485"]
[BlackElo "2520"]
[Result "1/2-1/2"]
[EventDate "1986.09.05"]
[PlyCount "37"]

1. d4 Nf6 2. c4 e6 3. Nf3 b6 4. Bf4 Bb7 5. e3 Be7 6. h3 O-O 7. Nc3 d5 8. cxd5 Nxd5 9. Nxd5 Bxd5 10. Bd3 Bb4+ 11. Ke2 Bd6 12. Bxd6 cxd6 13. Qc2 h6 14. Bh7+ Kh8 15. Be4 Nc6 16. Bxd5 Nb4 17. Qa4 Nxd5 18. Rhc1 f5 19. Rc2 1/2-1/2